| 000 | 00755nam a22002177a 4500 | ||
|---|---|---|---|
| 003 | OSt | ||
| 005 | 20260511122741.0 | ||
| 008 | 260511b |||||||| |||| 00| 0 eng d | ||
| 020 | _a5-09-000906-6 | ||
| 040 |
_aSFUSL _bENG _cSFUSL |
||
| 041 | _aRUS | ||
| 100 |
_aKostromina, N. V. _91238958 |
||
| 245 |
_aRussian language _bPart 2 : Word composition and word formation. Morphology. Syntax. Punctuation _cN. V. Kostromina, K. A. Nikolaeva, G. M. Stavskaya, E. N. Shiryaev |
||
| 260 |
_aMoscow _bProsveshchenie _c1989 |
||
| 300 | _a288p. | ||
| 700 |
_aNikolaeva, K. A. _91132589 |
||
| 700 |
_a Stavskaya, G. M. _91238959 |
||
| 700 |
_aShiryaev, E. N. _91238960 |
||
| 942 |
_2CC _cTB _hP142 N9.2;1 _n0 |
||
| 999 |
_c1851172 _d1851172 |
||